Comunicación y construcción de lo cotidiano. (Primera parte: Comunicación e historia) /

Bewaard in:
Bibliografische gegevens
Hoofdauteur: Vega Jiménez, Patricia
Formaat: Onbekend
Gepubliceerd in: San José: DEI
Onderwerpen:
Tags: Voeg label toe
Geen labels, Wees de eerste die dit record labelt!

MARC

LEADER 00000 a2200000 04500
001 11589
003
008 991231s d
040
090 |a 140102  
100 |a Vega Jiménez, Patricia  
245 |a Comunicación y construcción de lo cotidiano. (Primera parte: Comunicación e historia) /  |c Patricia Vega Jiménez 
260 |a San José:   |b DEI  
300 |a 289 p.  
650 |a ANALISIS HISTORICO  
650 |a PRENSA  
650 |a SOCIEDAD CIVIL  
650 |a ESTADO  
650 |a MEDIOS DE COMUNICACION  
650 |a IMPRESION  
650 |a PERIODICOS  
999 |c 13751  |d 13751